000 00446nam a2200181Ia 4500
001 19365
005 20260306172647.0
008 260306t2016||||xx |||||||||||||| ||spa||
041 _aESP
082 _a658.84
_bE93
100 _aEstrella Ramón, Antonia María
_eAUT
245 0 _aComunicación integrada de marketing
260 _c2016
300 _a231 páginas :
_c24 cm.
650 _aGEN
654 _aCAN
942 _cLIB
_dJUS
_fJUS
_2ddc
_n
999 _c19365
_d19365